[Event "DEN-ch"]
[Site "Svendborg"]
[Date "2024.03.28"]
[Round "6"]
[White "Ochsner, Bjorn Moller"]
[Black "Fries Nielsen, Jens Ove"]
[Result "1-0"]
[WhiteElo "2518"]
[BlackElo "2364"]
[PlyCount "47"]
[EventDate "2024.03.23"]
[EventType "tourn"]
[EventRounds "9"]
[EventCountry "DEN"]
[EventCategory "7"]
[SourceTitle "CB14_2024"]
[SourceDate "2024.04.01"]
[SourceVersion "1"]
[SourceVersionDate "2024.04.01"]
[SourceQuality "1"]

1. e4 d6 2. d4 e6 3. Be3 Ne7 4. Bd3 Nd7 5. Ne2 g6 6. h4 h6 7. Nbc3 a6 8. Qd2 b5 9. h5 g5 10. f4 gxf4 11. Nxf4 c5 12. dxc5 dxc5 13. 0-0 Nc6 14. Qf2 Nce5 15. Be2 Bb7 16. Rad1 Qe7 17. Nd3 Nc4 18. Bf4 Bg7 19. e5 Ncxe5 20. Nxe5 Rg8 21. Rxd7 Qxd7 22. Nxd7 Bd4 23. Nf6+ Ke7 24. Ncd5+ 1-0

[Event "DEN-chT 2324 61st"]
[Site "Denmark"]
[Date "2024.03.03"]
[Round "7.1"]
[White "Fries Nielsen, Jens Ove"]
[Black "Ochsner, Bjorn Moller"]
[Result "1/2-1/2"]
[WhiteElo "2378"]
[BlackElo "2537"]
[PlyCount "34"]
[EventDate "2023.10.28"]
[EventType "team-tourn"]
[EventRounds "9"]
[EventCountry "DEN"]
[SourceTitle "CB11_2024"]
[SourceDate "2024.03.13"]
[SourceVersion "1"]
[SourceVersionDate "2024.03.13"]
[SourceQuality "1"]
[WhiteTeam "Fredericia"]
[BlackTeam "Aarhus/Skolerne"]
[WhiteTeamCountry "DEN"]
[BlackTeamCountry "DEN"]

1. Nf3 d5 2. g3 Nf6 3. Bg2 e6 4. 0-0 Be7 5. d3 c5 6. Nc3 b6 7. Ne5 Bb7 8. f4 Nbd7 9. e4 d4 10. Nxd7 Qxd7 11. Nb1 h5 12. h3 Qc7 13. Na3 Nd7 14. Bd2 h4 15. g4 Rc8 16. g5 a6 17. Qg4 b5 1/2-1/2

[Event "Copenhagen GoAudit op"]
[Site "Copenhagen"]
[Date "2023.11.12"]
[Round "6"]
[White "Hector, Jonny"]
[Black "Fries Nielsen, Jens Ove"]
[Result "0-1"]
[WhiteElo "2437"]
[BlackElo "2372"]
[PlyCount "94"]
[EventDate "2023.11.10"]
[EventType "swiss"]
[EventRounds "7"]
[EventCountry "DEN"]
[SourceTitle "CB47_2023"]
[SourceDate "2023.11.22"]
[SourceVersion "1"]
[SourceVersionDate "2023.11.22"]
[SourceQuality "1"]

1. e4 d6 2. d4 a6 3. f4 d5 4. e5 Bf5 5. Bd3 Bxd3 6. Qxd3 e6 7. Be3 Nc6 8. Nd2 Nh6 9. Ngf3 Nf5 10. Bf2 h5 11. 0-0 Be7 12. Rfd1 g5 13. fxg5 Bxg5 14. Nxg5 Qxg5 15. Nf3 Qg7 16. Bh4 Rg8 17. Qe2 Qg4 18. Qf2 Ne3 19. Rd2 Nc4 20. Re2 Nxb2 21. Rb1 Na4 22. Rb3 b5 23. Bf6 b4 24. Rd3 Nc3 25. Re1 Qf4 26. Bg5 Qf5 27. h4 Nxa2 28. Qd2 Nc3 29. Rxc3 bxc3 30. Qxc3 Kd7 31. Nd2 Qg4 32. Nb3 Rab8 33. Nc5+ Kc8 34. Ne4 Rxg5 35. hxg5 Rb6 36. Nf2 Qxd4 37. Qf3 Nd8 38. Qxh5 a5 39. g6 fxg6 40. Qxg6 a4 41. Qd3 Nc6 42. Qh3 Nxe5 43. c3 Qf4 44. Qh8+ Kb7 45. Nh3 Nf3+ 46. Kf1 Qg3 47. gxf3 Rb2 0-1

[Event "Copenhagen GoAudit op"]
[Site "Copenhagen"]
[Date "2023.11.11"]
[Round "4"]
[White "Vasli, Aref"]
[Black "Fries Nielsen, Jens Ove"]
[Result "1/2-1/2"]
[WhiteElo "2392"]
[BlackElo "2372"]
[PlyCount "90"]
[EventDate "2023.11.10"]
[EventType "swiss"]
[EventRounds "7"]
[EventCountry "DEN"]
[SourceTitle "CB47_2023"]
[SourceDate "2023.11.22"]
[SourceVersion "1"]
[SourceVersionDate "2023.11.22"]
[SourceQuality "1"]

1. Nf3 Nf6 2. g3 d6 3. Bg2 e5 4. c4 Nbd7 5. Nc3 c6 6. 0-0 d5 7. cxd5 cxd5 8. d4 e4 9. Ne5 Bd6 10. Bf4 Nb6 11. Qb3 0-0 12. a4 a5 13. Rac1 Be6 14. f3 exf3 15. Bxf3 Ne4 16. Rfd1 g5 17. Be3 Nxc3 18. Rxc3 f6 19. Nd3 Nc4 20. Nc5 Bf7 21. Bf2 Qe7 22. Qc2 b6 23. b3 bxc5 24. bxc4 cxd4 25. Bxd4 dxc4 26. Bxa8 Rxa8 27. Re3 Qd8 28. Qf5 Be7 29. Qe4 Bc5 30. Kf2 Rc8 31. Rc3 Rc7 32. e3 Rd7 33. Rcc1 Ba3 34. Rc2 Bb4 35. Rf1 Be7 36. Kg1 Bg6 37. Qe6+ Bf7 38. Qa6 Rxd4 39. exd4 Qxd4+ 40. Rcf2 Bd5 41. Qc8+ Kg7 42. Qd7 Qe4 43. Re2 Qd4+ 44. Ref2 Qe4 45. Re2 Qd4+ 1/2-1/2

[Event "DEN-chT 2324 61st"]
[Site "Denmark"]
[Date "2023.10.28"]
[Round "1.2"]
[White "Fries Nielsen, Jens Ove"]
[Black "Haubro, Martin"]
[Result "0-1"]
[WhiteElo "2378"]
[BlackElo "2405"]
[PlyCount "60"]
[EventDate "2023.10.28"]
[EventType "team-tourn"]
[EventRounds "9"]
[EventCountry "DEN"]
[SourceTitle "Mega2024 Update 01"]
[Source "Chessbase"]
[SourceDate "2023.11.12"]
[SourceVersion "1"]
[SourceVersionDate "2023.11.12"]
[SourceQuality "1"]
[WhiteTeam "Fredericia"]
[BlackTeam "BMS"]
[WhiteTeamCountry "DEN"]
[BlackTeamCountry "DEN"]

1. e4 c5 2. Nf3 d6 3. Bc4 Nf6 4. d3 Nc6 5. 0-0 g6 6. Ng5 e6 7. f4 h6 8. Nf3 Bg7 9. Bb3 0-0 10. c3 b5 11. Bc2 b4 12. Ba4 Qc7 13. c4 Bb7 14. h3 Rad8 15. Be3 Nd7 16. Qc1 f5 17. Nbd2 Nd4 18. Bxd4 cxd4 19. Bxd7 Rxd7 20. exf5 gxf5 21. a3 bxa3 22. Rxa3 Ba8 23. b4 d5 24. Ne5 Bxe5 25. fxe5 dxc4 26. Nxc4 Rg7 27. Ra2 Qb7 28. Qd2 Kh7 29. Kh2 Rfg8 30. Rf2 Rg3 0-1

[Event "Fredericia"]
[Site "Fredericia"]
[Date "2023.05.18"]
[Round "2"]
[White "Fries Nielsen, Jens Ove"]
[Black "Nielsen, Viktor Haarmark"]
[Result "1/2-1/2"]
[WhiteElo "2377"]
[BlackElo "2328"]
[PlyCount "99"]
[EventDate "2023.05.17"]
[EventType "tourn"]
[EventRounds "9"]
[EventCountry "DEN"]
[EventCategory "3"]
[SourceTitle "CBM 214 Extra"]
[Source "ChessBase"]
[SourceDate "2023.07.31"]
[SourceVersion "1"]
[SourceVersionDate "2023.07.31"]
[SourceQuality "1"]

1. e3 Nf6 2. g4 h6 3. f4 d5 4. h3 e6 5. Nf3 b6 6. Bg2 Bb7 7. d3 Nbd7 8. Nc3 Bd6 9. Qe2 a6 10. Bd2 Qe7 11. a3 0-0-0 12. b4 e5 13. fxe5 Nxe5 14. Nd4 Qd7 15. Rf1 Kb8 16. b5 axb5 17. Ncxb5 Bc5 18. Qf2 Rhe8 19. Kd1 Ba6 20. a4 c6 21. Nc3 Kb7 22. Rb1 Nxd3 23. cxd3 Bxd3 24. Rb3 Bc4 25. Rb2 Bxf1 26. Bxf1 Ra8 27. a5 Bxd4 28. a6+ Ka7 29. exd4 Re6 30. Bd3 Ne4 31. Nxe4 dxe4 32. Bc4 Rf6 33. Qg1 Rd8 34. Be3 Rd6 35. d5 Rxd5+ 36. Bxd5 Qxd5+ 37. Kc1 c5 38. Qf1 Rd7 39. Rd2 Qe6 40. Rxd7+ Qxd7 41. Qc4 f5 42. gxf5 Qxf5 43. h4 Qf3 44. Kd2 g5 45. hxg5 hxg5 46. Qd5 Kxa6 47. Qa2+ Kb7 48. Qd5+ Ka6 49. Qa2+ Kb7 50. Qd5+ 1/2-1/2

[Event "Titled Tuesday intern op 21st Feb Early"]
[Site "Chess.com INT"]
[Date "2023.02.21"]
[Round "6"]
[White "Petrova, Irina"]
[Black "Fries Nielsen, Jens Ove"]
[Result "1-0"]
[WhiteElo "2123"]
[BlackElo "2373"]
[PlyCount "77"]
[EventDate "2023.02.21"]
[EventType "swiss (blitz)"]
[EventRounds "11"]
[EventCountry "USA"]
[SourceTitle "CBM 212 Extra"]
[Source "ChessBase"]
[SourceDate "2023.03.31"]
[SourceVersion "1"]
[SourceVersionDate "2023.03.31"]
[SourceQuality "1"]

1. e4 e5 2. Nf3 Nc6 3. Bc4 d6 4. d3 Bg4 5. c3 Nf6 6. Nbd2 Be7 7. h3 Be6 8. 0-0 0-0 9. Re1 Bxc4 10. Nxc4 Nd7 11. Ne3 g6 12. d4 Bf6 13. d5 Ne7 14. Ng4 Bg7 15. c4 f5 16. exf5 gxf5 17. Nh6+ Bxh6 18. Bxh6 Rf6 19. Bg5 Rg6 20. Qd2 Qf8 21. b4 h6 22. Bxe7 Qxe7 23. c5 Kh7 24. cxd6 cxd6 25. Rac1 Rag8 26. g3 f4 27. g4 Rxg4+ 28. hxg4 Rxg4+ 29. Kf1 Nf6 30. Qc2+ Rg6 31. Qc7 Nd7 32. Ke2 e4 33. Nd4 f3+ 34. Kd2 Rg5 35. Nxf3 Rxd5+ 36. Kc2 Qf7 37. Nd2 Rd4 38. Nb3 Qxf2+ 39. Kb1 1-0

[Event "Titled Tuesday intern op 14th Feb Early"]
[Site "Chess.com INT"]
[Date "2023.02.14"]
[Round "6"]
[White "Fries Nielsen, Jens Ove"]
[Black "Begunov, Konstantin"]
[Result "1-0"]
[WhiteElo "2373"]
[BlackElo "2325"]
[PlyCount "69"]
[EventDate "2023.02.14"]
[EventType "swiss (blitz)"]
[EventRounds "11"]
[EventCountry "USA"]
[SourceTitle "CBM 212 Extra"]
[Source "ChessBase"]
[SourceDate "2023.03.31"]
[SourceVersion "1"]
[SourceVersionDate "2023.03.31"]
[SourceQuality "1"]

1. d4 d5 2. Nf3 c6 3. e3 Bg4 4. c4 e6 5. Nc3 Nd7 6. h3 Bh5 7. Be2 f5 8. Qc2 Bd6 9. g4 Bg6 10. gxf5 Bxf5 11. Bd3 Bxd3 12. Qxd3 Qf6 13. e4 Bb4 14. e5 Qf5 15. Qxf5 exf5 16. cxd5 cxd5 17. Bd2 Ne7 18. Nb5 Bxd2+ 19. Kxd2 0-0 20. Rac1 a6 21. Nd6 Nb6 22. b3 Rab8 23. Rhg1 Nec8 24. Rc7 g6 25. h4 Na8 26. Rxb7 Nxd6 27. Rxb8 Ne4+ 28. Ke3 Rxb8 29. Rc1 Kf7 30. Rc6 Rb6 31. Rc8 Rb5 32. Rxa8 a5 33. Ra7+ Kg8 34. Ng5 Nxg5 35. hxg5 1-0

[Event "Titled Tuesday intern op 14th Feb Early"]
[Site "Chess.com INT"]
[Date "2023.02.14"]
[Round "8"]
[White "Fries Nielsen, Jens Ove"]
[Black "Gurevich, Dmitry"]
[Result "1/2-1/2"]
[WhiteElo "2373"]
[BlackElo "2393"]
[PlyCount "127"]
[EventDate "2023.02.14"]
[EventType "swiss (blitz)"]
[EventRounds "11"]
[EventCountry "USA"]
[SourceTitle "CBM 212 Extra"]
[Source "ChessBase"]
[SourceDate "2023.03.31"]
[SourceVersion "1"]
[SourceVersionDate "2023.03.31"]
[SourceQuality "1"]

1. e4 c5 2. Nf3 d6 3. Bb5+ Bd7 4. c4 Nc6 5. Nc3 g6 6. d4 cxd4 7. Nxd4 Bg7 8. Be3 Nf6 9. h3 0-0 10. 0-0 Rc8 11. b3 a6 12. Bxc6 Bxc6 13. Nxc6 Rxc6 14. Rc1 b5 15. cxb5 axb5 16. Qd3 b4 17. Nd5 Rxc1 18. Rxc1 Nxd5 19. exd5 Qa8 20. Rc2 Rc8 21. Rc4 Rxc4 22. Qxc4 Bc3 23. a4 bxa3 24. Qxc3 a2 25. Bd4 f6 26. Qb2 Qxd5 27. Bc3 Qd3 28. b4 d5 29. b5 a1Q+ 30. Qxa1 Qxb5 31. f4 Qd3 32. Bd4 Qe4 33. Bf2 Qxf4 34. Qa8+ Kg7 35. Qxd5 Qc7 36. Qe6 h5 37. h4 Kf8 38. Be3 Qg3 39. Bh6+ Ke8 40. Qg8+ Kd7 41. Bd2 Qxh4 42. Qd5+ Ke8 43. Qg8+ Kd7 44. Qd5+ Ke8 45. Kf1 Qg4 46. Be3 Qf5+ 47. Qxf5 gxf5 48. Kf2 e5 49. Bc5 Kf7 50. Kg3 f4+ 51. Kf3 Kg6 52. Bd6 Kf5 53. Bc7 e4+ 54. Kf2 Kg4 55. Bd8 h4 56. Bxf6 e3+ 57. Kf1 h3 58. gxh3+ Kxh3 59. Ke2 Kg2 60. Bh4 Kh3 61. Be1 Kg2 62. Bh4 Kh3 63. Be1 Kg2 64. Bh4 1/2-1/2

[Event "Odense IM-B"]
[Site "Odense"]
[Date "2022.10.14"]
[Round "4"]
[White "Thogersen, Rasmus"]
[Black "Fries Nielsen, Jens Ove"]
[Result "1-0"]
[WhiteElo "2323"]
[BlackElo "2350"]
[PlyCount "69"]
[EventDate "2022.10.14"]
[EventType "tourn"]
[EventRounds "5"]
[EventCountry "DEN"]
[EventCategory "3"]
[SourceTitle "CBM 210 Extra"]
[Source "ChessBase"]
[SourceDate "2022.11.30"]
[SourceVersion "1"]
[SourceVersionDate "2022.11.30"]
[SourceQuality "1"]

1. e4 Na6 2. d4 c6 3. Nf3 d6 4. c4 g6 5. Nc3 Bg7 6. Be2 Nf6 7. 0-0 0-0 8. Bf4 Bg4 9. Qd2 e5 10. dxe5 dxe5 11. Bxe5 Bxf3 12. Qxd8 Raxd8 13. gxf3 Nh5 14. Bxg7 Kxg7 15. Rfd1 Nf4 16. Kf1 Rde8 17. b4 Re5 18. Rd7 Rh5 19. Rxb7 Rxh2 20. Kg1 Rg2+ 21. Kf1 Rh2 22. Ke1 Rh1+ 23. Bf1 Nxb4 24. Rb1 a5 25. Rd7 g5 26. Kd2 Rh2 27. Nd1 Nxa2 28. Ra1 Nb4 29. Rxa5 Ne6 30. c5 Kf6 31. Kc3 Rb8 32. Raa7 Kg6 33. Bc4 Rh1 34. Bxe6 fxe6 35. Rg7+ 1-0

[Event "Titled Tuesday intern op 27th Sep Early"]
[Site "Chess.com INT"]
[Date "2022.09.27"]
[Round "2"]
[White "Ardila, Oscar Humberto"]
[Black "Fries Nielsen, Jens Ove"]
[Result "1-0"]
[WhiteElo "1997"]
[BlackElo "2350"]
[PlyCount "47"]
[EventDate "2022.09.27"]
[EventType "swiss (blitz)"]
[EventRounds "11"]
[EventCountry "USA"]
[SourceTitle "CBM 210 Extra"]
[Source "ChessBase"]
[SourceDate "2022.11.30"]
[SourceVersion "1"]
[SourceVersionDate "2022.11.30"]
[SourceQuality "1"]

1. d4 d5 2. c4 c6 3. e3 e6 4. Nc3 f5 5. Nf3 Bd6 6. Bd3 Nh6 7. Qc2 0-0 8. Bd2 Nd7 9. 0-0-0 a6 10. Kb1 b5 11. c5 Bc7 12. Ne2 a5 13. Nf4 Qe7 14. h4 b4 15. Ng5 Bxf4 16. exf4 Ba6 17. Rde1 Rf6 18. Bxa6 Rxa6 19. Re2 Nf8 20. h5 a4 21. Bxb4 Qb7 22. a3 Qb5 23. Rhe1 Nf7 24. Nxe6 1-0

[Event "Titled Tuesday intern op 20th Sep Early"]
[Site "Chess.com INT"]
[Date "2022.09.20"]
[Round "8"]
[White "Barria Zuniga, Daniel"]
[Black "Fries Nielsen, Jens Ove"]
[Result "1-0"]
[WhiteElo "2341"]
[BlackElo "2350"]
[PlyCount "99"]
[EventDate "2022.09.20"]
[EventType "swiss (blitz)"]
[EventRounds "11"]
[EventCountry "USA"]
[SourceTitle "EXT 2023"]
[Source "ChessBase"]
[SourceDate "2022.10.05"]
[SourceVersion "1"]
[SourceVersionDate "2022.10.05"]
[SourceQuality "1"]

1. d4 Nf6 2. c4 d6 3. Nf3 Nbd7 4. Nc3 e5 5. e4 Be7 6. Be2 0-0 7. 0-0 b6 8. Qc2 Bb7 9. Rd1 a6 10. h3 Qb8 11. Be3 c6 12. Rac1 b5 13. a3 Re8 14. b4 Bf8 15. d5 bxc4 16. Bxc4 cxd5 17. Bxd5 Nxd5 18. Nxd5 Bxd5 19. Rxd5 Nf6 20. Rdd1 a5 21. Qc4 axb4 22. axb4 Rc8 23. Qxc8 Qxc8 24. Rxc8 Rxc8 25. Nd2 d5 26. b5 d4 27. Bg5 Nd7 28. Rb1 f6 29. Bh4 Rc2 30. Nb3 d3 31. f3 Bc5+ 32. Kf1 Bb4 33. Bf2 Kf7 34. b6 Nb8 35. Nc1 d2 36. Nd3 Ba3 37. Ke2 Ke6 38. Kd1 Ra2 39. Be3 g6 40. Bxd2 f5 41. b7 Bd6 42. Rb6 Kd7 43. Bb4 Bc7 44. Rf6 Rxg2 45. Nc5+ Ke8 46. Na6 Nxa6 47. Rxa6 fxe4 48. fxe4 Rh2 49. Ra8+ Kf7 50. Rc8 1-0

[Event "Titled Tuesday intern op 20th Sep Early"]
[Site "Chess.com INT"]
[Date "2022.09.20"]
[Round "3"]
[White "Fries Nielsen, Jens Ove"]
[Black "Fernandez Siles, Luis"]
[Result "1-0"]
[WhiteElo "2350"]
[BlackElo "2220"]
[PlyCount "51"]
[EventDate "2022.09.20"]
[EventType "swiss (blitz)"]
[EventRounds "11"]
[EventCountry "USA"]
[SourceTitle "EXT 2023"]
[Source "ChessBase"]
[SourceDate "2022.10.05"]
[SourceVersion "1"]
[SourceVersionDate "2022.10.05"]
[SourceQuality "1"]

1. d4 Nf6 2. Nc3 d5 3. e3 g6 4. h3 Bg7 5. g4 0-0 6. Nge2 c5 7. Bg2 cxd4 8. exd4 e6 9. Ng3 Nc6 10. 0-0 Qb6 11. Nce2 Bd7 12. c3 Rae8 13. g5 Nh5 14. Nxh5 gxh5 15. Nf4 h4 16. Nh5 e5 17. Nf6+ Bxf6 18. gxf6 Kh8 19. Bh6 e4 20. Bg7+ Kg8 21. Qh5 Nd8 22. Bxf8 Qxf6 23. Bh6 Ne6 24. Be3 Kh8 25. Qe5 Qxe5 26. dxe5 1-0

[Event "Titled Tuesday intern op 20th Sep Late"]
[Site "Chess.com INT"]
[Date "2022.09.20"]
[Round "3"]
[White "Fries Nielsen, Jens Ove"]
[Black "Rose, Felix"]
[Result "1-0"]
[WhiteElo "2350"]
[BlackElo "2091"]
[PlyCount "77"]
[EventDate "2022.09.20"]
[EventType "swiss (blitz)"]
[EventRounds "11"]
[EventCountry "USA"]
[SourceTitle "EXT 2023"]
[Source "ChessBase"]
[SourceDate "2022.10.05"]
[SourceVersion "1"]
[SourceVersionDate "2022.10.05"]
[SourceQuality "1"]

1. d4 Nf6 2. Nc3 d5 3. Bf4 c5 4. e3 cxd4 5. exd4 a6 6. h3 Nc6 7. a3 Bf5 8. g4 Bg6 9. Bg2 e6 10. Nge2 Bd6 11. Bxd6 Qxd6 12. f4 0-0 13. 0-0 Rfe8 14. Qd2 b5 15. b4 Rac8 16. Ng3 Ne7 17. Rac1 Qc7 18. Nce2 h6 19. f5 exf5 20. gxf5 Bh7 21. c3 Nd7 22. Kh1 Rb8 23. Rf4 Rb6 24. Rcf1 Rf6 25. h4 Nb6 26. Bh3 Nc4 27. Qc1 a5 28. Rg1 axb4 29. axb4 Bxf5 30. Bxf5 Nxf5 31. Rxf5 Rxf5 32. Nxf5 Rxe2 33. Rxg7+ Kf8 34. Qg1 Ke8 35. Rh7 Qf4 36. Qg8+ Kd7 37. Rxf7+ Kc6 38. Qc8+ Kb6 39. Qb7# 1-0

[Event "Titled Tuesday intern op 20th Sep Early"]
[Site "Chess.com INT"]
[Date "2022.09.20"]
[Round "6"]
[White "Fries Nielsen, Jens Ove"]
[Black "Taichman, Ori"]
[Result "0-1"]
[WhiteElo "2350"]
[BlackElo "2317"]
[PlyCount "122"]
[EventDate "2022.09.20"]
[EventType "swiss (blitz)"]
[EventRounds "11"]
[EventCountry "USA"]
[SourceTitle "EXT 2023"]
[Source "ChessBase"]
[SourceDate "2022.10.05"]
[SourceVersion "1"]
[SourceVersionDate "2022.10.05"]
[SourceQuality "1"]

1. Nf3 g6 2. g3 Bg7 3. Bg2 Nf6 4. d4 0-0 5. 0-0 d6 6. Nc3 c5 7. dxc5 dxc5 8. Be3 Na6 9. Qxd8 Rxd8 10. Rfd1 Bd7 11. Ne5 Rab8 12. a3 b6 13. Bf4 Be8 14. Nc6 Bxc6 15. Bxc6 Rxd1+ 16. Rxd1 Rf8 17. Nb5 Nh5 18. Bc1 Nb8 19. Bf3 a6 20. Nc7 Nf6 21. Bb7 a5 22. e4 Ng4 23. c3 Ne5 24. Kg2 Nc4 25. Nb5 h5 26. a4 Bf6 27. f4 e6 28. e5 Rd8 29. Rxd8+ Bxd8 30. b3 Nxe5 31. fxe5 Nd7 32. Be4 Nxe5 33. Bf4 Bf6 34. Nd6 g5 35. Bd2 Kf8 36. h3 Bd8 37. Nb7 Bc7 38. Bxg5 f5 39. Bc2 Ke8 40. Bd1 Kd7 41. Bxh5 Kc8 42. Nxa5 bxa5 43. Bf6 c4 44. bxc4 Nxc4 45. Be2 Nb6 46. h4 Nd5 47. Bg7 Kd7 48. h5 Ke7 49. h6 Kf7 50. Bb5 Kg6 51. Be8+ Kh7 52. Kf3 e5 53. c4 e4+ 54. Kg2 Ne7 55. Bd7 Bd6 56. Bf8 Bb4 57. Kh3 Kg8 58. Bg7 Kh7 59. Be6 Kg6 60. Kh4 e3 61. Kh3 e2 0-1

[Event "Titled Tuesday intern op 20th Sep Late"]
[Site "Chess.com INT"]
[Date "2022.09.20"]
[Round "4"]
[White "Fries Nielsen, Jens Ove"]
[Black "Wagner, Dennis"]
[Result "0-1"]
[WhiteElo "2350"]
[BlackElo "2570"]
[PlyCount "54"]
[EventDate "2022.09.20"]
[EventType "swiss (blitz)"]
[EventRounds "11"]
[EventCountry "USA"]
[SourceTitle "EXT 2023"]
[Source "ChessBase"]
[SourceDate "2022.10.05"]
[SourceVersion "1"]
[SourceVersionDate "2022.10.05"]
[SourceQuality "1"]

1. d4 c5 2. Nf3 cxd4 3. Nxd4 e5 4. Nb3 d5 5. g3 Nc6 6. Bg2 Be6 7. 0-0 Nf6 8. Bg5 Be7 9. Nc3 d4 10. Bxf6 gxf6 11. Ne4 Qb6 12. Qd2 h5 13. c3 f5 14. Ng5 dxc3 15. bxc3 Rd8 16. Qc1 Bc4 17. Nf3 Bxe2 18. Re1 Bxf3 19. Bxf3 e4 20. Bg2 Ne5 21. Qf4 Qf6 22. Red1 Nd3 23. Qe3 h4 24. Nc1 Bc5 25. Rxd3 Bxe3 26. Rxe3 Rd1+ 27. Bf1 Qa6 0-1

[Event "Titled Tuesday intern op 20th Sep Late"]
[Site "Chess.com INT"]
[Date "2022.09.20"]
[Round "2"]
[White "Haraguchi, Diego Sashaki"]
[Black "Fries Nielsen, Jens Ove"]
[Result "0-1"]
[WhiteElo "2057"]
[BlackElo "2350"]
[PlyCount "88"]
[EventDate "2022.09.20"]
[EventType "swiss (blitz)"]
[EventRounds "11"]
[EventCountry "USA"]
[SourceTitle "EXT 2023"]
[Source "ChessBase"]
[SourceDate "2022.10.05"]
[SourceVersion "1"]
[SourceVersionDate "2022.10.05"]
[SourceQuality "1"]

1. d4 d6 2. c4 Nf6 3. Nf3 Nbd7 4. g3 e5 5. Bg2 Be7 6. 0-0 0-0 7. Nc3 exd4 8. Nxd4 Nb6 9. b3 d5 10. cxd5 Nfxd5 11. Nxd5 Nxd5 12. Bb2 Bf6 13. e4 Nb4 14. f4 c5 15. e5 Be7 16. Nf3 Nd3 17. Bc3 c4 18. Qe2 Bc5+ 19. Kh1 Qb6 20. bxc4 Nf2+ 21. Kg1 Ne4+ 22. Kh1 Nxc3 23. Qd3 Qb2 24. Ng5 g6 25. Bd5 Bf5 26. Qf3 Qd2 27. g4 Bd3 28. Qh3 h5 29. gxh5 Bf5 30. Qf3 Qd3 31. Qg2 Qe2 32. hxg6 Qxg2+ 33. Kxg2 Nxd5 34. gxf7+ Rxf7 35. cxd5 Kg7 36. Rac1 b6 37. Nxf7 Kxf7 38. Kf3 Rh8 39. Rh1 Rh3+ 40. Kg2 Ra3 41. Rhd1 Be4+ 42. Kf1 Rxa2 43. d6 Bg2+ 44. Ke1 Bf2# 0-1

[Event "Titled Tuesday intern op 20th Sep Early"]
[Site "Chess.com INT"]
[Date "2022.09.20"]
[Round "11"]
[White "Kostiukov, Alexandr"]
[Black "Fries Nielsen, Jens Ove"]
[Result "0-1"]
[WhiteElo "2271"]
[BlackElo "2350"]
[PlyCount "88"]
[EventDate "2022.09.20"]
[EventType "swiss (blitz)"]
[EventRounds "11"]
[EventCountry "USA"]
[SourceTitle "EXT 2023"]
[Source "ChessBase"]
[SourceDate "2022.10.05"]
[SourceVersion "1"]
[SourceVersionDate "2022.10.05"]
[SourceQuality "1"]

1. g3 d5 2. Bg2 c6 3. d3 Nf6 4. e4 dxe4 5. dxe4 Qxd1+ 6. Kxd1 e5 7. f3 Nbd7 8. Be3 Bc5 9. Ke2 Bxe3 10. Kxe3 a5 11. Nd2 Nc5 12. a4 Be6 13. Bh3 Bxh3 14. Nxh3 Ke7 15. Nc4 Nfd7 16. Rhd1 f6 17. Nf2 Ra6 18. c3 h5 19. b4 axb4 20. cxb4 Nb3 21. Rab1 Nd4 22. a5 Nb5 23. Rbc1 h4 24. g4 Nd4 25. Nd3 b6 26. f4 b5 27. Nd2 g5 28. f5 Rc8 29. Rc3 c5 30. Nxc5 Nxc5 31. bxc5 Rxa5 32. Rdc1 b4 33. Rc4 Ra3+ 34. Kf2 b3 35. Rb1 Ra2 36. Ke3 Rb8 37. Kd3 Rc2 38. Nxb3 Rxh2 39. Rxd4 Rh3+ 40. Kc4 exd4 41. Nd2 Rxb1 42. Nxb1 d3 43. Nd2 Rg3 44. Kd5 h3 0-1

[Event "Titled Tuesday intern op 21st Jun Early"]
[Site "Chess.com INT"]
[Date "2022.06.21"]
[Round "1"]
[White "Fries Nielsen, Jens Ove"]
[Black "Bluebaum, Matthias"]
[Result "0-1"]
[WhiteElo "2355"]
[BlackElo "2673"]
[PlyCount "82"]
[EventDate "2022.06.21"]
[EventType "swiss (blitz)"]
[EventRounds "11"]
[EventCountry "USA"]
[SourceTitle "EXT 2023"]
[Source "ChessBase"]
[SourceDate "2022.10.05"]
[SourceVersion "1"]
[SourceVersionDate "2022.10.05"]
[SourceQuality "1"]

1. d4 Nf6 2. Nc3 d5 3. Bf4 c5 4. e3 cxd4 5. Qxd4 a6 6. 0-0-0 Nc6 7. Qd2 e5 8. Bg5 Bb4 9. a3 Bxc3 10. Qxc3 Ne4 11. Bxd8 Nxc3 12. bxc3 Kxd8 13. Rxd5+ Kc7 14. Nf3 Be6 15. Rd2 f6 16. Be2 Rad8 17. Rhd1 Rxd2 18. Nxd2 Na5 19. Nb3 Bxb3 20. cxb3 Nxb3+ 21. Kc2 Nc5 22. h4 Rd8 23. Rxd8 Kxd8 24. Bf3 Kc7 25. c4 Kb6 26. Kc3 Ka5 27. g4 Ka4 28. Kb2 Ka5 29. Kc3 g5 30. hxg5 fxg5 31. Bd5 Ka4 32. Kb2 Nd3+ 33. Kc3 Nxf2 34. Bxb7 Nxg4 35. Bc6+ Ka5 36. c5 Nxe3 37. Bd7 h5 38. Kd3 Nd5 39. Kc4 Nc7 40. Kd3 Nd5 41. Ke4 Nf6+ 0-1

[Event "DEN-chT 2122 59th"]
[Site "Denmark"]
[Date "2022.02.27"]
[Round "7.2"]
[White "Skytte, Rasmus"]
[Black "Fries Nielsen, Jens Ove"]
[Result "1/2-1/2"]
[WhiteElo "2378"]
[BlackElo "2378"]
[PlyCount "45"]
[EventDate "2021.10.30"]
[EventType "team-tourn"]
[EventRounds "9"]
[EventCountry "DEN"]
[SourceTitle "EXT 2023"]
[Source "ChessBase"]
[SourceDate "2022.10.05"]
[SourceVersion "1"]
[SourceVersionDate "2022.10.05"]
[SourceQuality "1"]
[WhiteTeam "Aarhus/Skolerne"]
[BlackTeam "Fredericia"]
[WhiteTeamCountry "DEN"]
[BlackTeamCountry "DEN"]

1. e4 c5 2. c3 e6 3. d4 d5 4. exd5 exd5 5. Nf3 Nc6 6. Be3 c4 7. b3 cxb3 8. axb3 Bd6 9. Be2 Nge7 10. 0-0 0-0 11. Na3 Nf5 12. Bg5 f6 13. Bc1 Re8 14. Nb5 Bb8 15. c4 Kh8 16. Bb2 Be6 17. Re1 Bf7 18. Bd3 Rxe1+ 19. Qxe1 Nce7 20. Ba3 a6 21. Nc3 Bd6 22. Bxd6 Qxd6 23. c5 1/2-1/2